| 000 | 00589 a2200181 4500 | ||
|---|---|---|---|
| 999 |
_c4216 _d4216 |
||
| 020 | _a9780330492867 | ||
| 050 | _aPQ4863 CAM 2004 | ||
| 100 |
_aCamilleri, Andrea _eauthor |
||
| 245 |
_aThe Shape of Water : _ban inspector Montalbano mystery / _cAndrea Camilleri |
||
| 264 |
_aNew York : _bViking Penguin, _c2002. |
||
| 300 | _a248p. : | ||
| 440 | _aInspector Montalbano. | ||
| 500 | _aIncludes notes. | ||
| 650 | _aMontalbano, Inspector Salvo (Fictional character) | ||
| 650 | _aDetective and mystery fiction | ||
| 650 |
_aMurder investigation _xFiction |
||
| 942 |
_2lcc _cBK _h4863 _iCAM _kPQ |
||